[Event "AJEC Gr01 email"]
[Site "France"]
[Date "2000.??.??"]
[Round "?"]
[White "Thimognier, Dominique"]
[Black "Pacini, Guillaume"]
[Result "1-0"]
[WhiteElo "2406"]
[BlackElo "1850"]
[PlyCount "23"]
[EventDate "2000.03.20"]
[EventType "tourn (corr)"]
[EventRounds "10"]
[EventCountry "FRA"]
[SourceTitle "Corr 2004"]
[Source "ChessBase"]
[SourceDate "2003.04.28"]
[SourceVersion "3"]
[SourceVersionDate "2003.04.28"]
[SourceQuality "1"]

1. Nf3 Nf6 2. g3 g6 3. Bg2 Bg7 4. 0-0 0-0 5. d3 d6 6. e4 c6 7. Nbd2 e5 8. a4 Na6 9. Nc4 Nc7 10. b4 Ne6 11. Bb2 Qc7 12. Qe2 1-0